| 000 | 00665nam a2200217Ii 4500 | ||
|---|---|---|---|
| 003 | JO-AjNU | ||
| 008 | 230606s9999||||xx |||||||||||||| ||und|| | ||
| 020 | _a978-0-07-128332-8/0-07-128332-3 | ||
| 040 |
_aJO-AjNU _beng _erda _cJO-AjNU |
||
| 041 | _aeng | ||
| 050 | 1 | 4 | _aHD30.28.P342.2009 |
| 100 | 3 |
_aPearce II,John A/Richard B.Robinson, Jr, _eauthor _9601 |
|
| 245 | 0 | 0 | _aFormulation,Implementation, and Control of Competitive Strategy |
| 250 | _a11th ed | ||
| 264 | 3 | 1 | _aBoston: Mc Graw Hill,2009 |
| 300 | _a456p | ||
| 336 |
_atext _btxt _2rdacontent |
||
| 337 |
_aunmediated _bn _2rdamedia |
||
| 338 |
_avolume _bnc _2rdacarrier |
||
| 650 | 4 |
_aCompetitive _9602 |
|
| 999 |
_aE317 _c317 _d317 |
||